Normal view
MARC view
- ناصر، إبراهيم عبدالله تأليف/طريف، عاطف عمر م.مشارك/الزبون، محمد سليم م.مشارك
Entry Personal Name
001 - CONTROL NUMBER
- control field: 42781
003 - CONTROL NUMBER IDENTIFIER
- control field: JO-AjAnu
005 - DATE AND TIME OF LATEST TRANSACTION
- control field: 20230606081109.0
008 - FIXED-LENGTH DATA ELEMENTS
- fixed length control field: 230606|| aca||aabn | a|a d
040 ## - CATALOGING SOURCE
- Original cataloging agency: JO-AjAnu
- Transcribing agency: JO-AjAnu
100 ## - HEADING--PERSONAL NAME
- Personal name: ناصر، إبراهيم عبدالله تأليف/طريف، عاطف عمر م.مشارك/الزبون، محمد سليم م.مشارك
670 ## - SOURCE DATA FOUND
- Source citation: Work cat.: (JO-AjAnu)21912: ناصر، إبراهيم عبدالله تأليف/طريف، عاطف عمر م.مشارك/الزبون، محمد سليم م.مشارك, author, مدخل إلى التربية